LIBRARY & INFORMATION CENTRE, KCAET, TAVANUR

ONLINE PUBLIC ACCESS CATALOGUE (OPAC)

On the Heights / (Record no. 6931)

MARC details
000 -LEADER
fixed length control field 00278cam a2200121ua 4500
082 ## - DEWEY DECIMAL CLASSIFICATION NUMBER
Classification number 824
Item number KRI/ON
100 ## - MAIN ENTRY--AUTHOR NAME
Personal name Krishnamurthy, S .
245 ## - TITLE STATEMENT
Title On the Heights /
250 ## - EDITION STATEMENT
Edition statement 1 /
260 ## - PUBLICATION, DISTRIBUTION, ETC. (IMPRINT)
Place of publication Chennai :
Name of publisher Orient-Longman Ltd ,
Year of publication 1971.
300 ## - PHYSICAL DESCRIPTION
Number of Pages 144 ; .
942 ## - ADDED ENTRY ELEMENTS (KOHA)
Koha item type Books
Holdings
Withdrawn status Lost status Damaged status Home library Current library Date acquired Full call number Accession Number Koha item type
Withdrawn     KAUAET Sanskrit University 07/04/2012 824 13289 Books
Withdrawn     KAUAET Sanskrit University 07/04/2012 824 13287 Books
free website counter